00726nam a2200193Ia 4500003000900000008004100009020001800050040001600068080002500084245012100109260003900230300002300269650003200292650002400324700002800348942000700376999001700383952013200400IN-BaIIA211028s9999 xx 000 0 eng d a9971-950-95-2 cIIA Library a530.12.3(082.2)bREL 0aRelativity cosmology topological mass and supergravitycedited by C. Aragone  aNew JerseybWorld Scientificc1983 a[various pagings.] aRelativity cosmology932642 aSupergravity911828 aAragone, C., ed.932643 cBK c17320d17320 00104070aBANbBANcGENd2009-05-26g250.00l0o530.12.3(082.2)/ RELp18242r2021-11-05v250.00w2009-05-26yBKGRs. 250.00